00616nam a22001817a 450000500170000001000150001702000260003203500140005803700130007208200080008510000250009324501180011826000470023627000850028330000220036870000260039070000180041620170824115215.0 aENG-120091 a9789380374185c350.00 aEN-103623 bDBAD/PUB a547 aMuwal, Pradeep Kumar aOrganic chemistry :cby Pradeep Kumar Muwal, Akhil kumar barjatya [and] Balaram Panibmultiple choice questions / aJaipur (Rajasthan)bPreeta Prakashanc2016 aA-511, Siddharth Nagar Near Jawhar Circle, JLN Marg,bJaipur (Rajasthan)e302017 a128p.c228cm(pbk) aBarjatya, Akhil Kumar aPani, Balaram